Panorama del nuevo teatro /

Guardado en:
Autor Principal: Monner Sans, José María
Formato: Libro
Publicado: Buenos Aires : Losada, 1942
Edición:2a. ed.
Materias:
Etiquetas: Agregar Etiqueta
Sin Etiquetas, Sea el primero en etiquetar este registro!
LEADER 00546nam a22002055a 4500
001 CEM.cems004500
005 20060216000000.0
008 130507s1942##################000#0#####d
003 CEMS
082 0 4 |a 808.2 
100 1 |a Monner Sans, José María 
245 1 0 |a Panorama del nuevo teatro / 
250 |a 2a. ed. 
260 |a Buenos Aires :  |b Losada,  |c 1942 
300 |a 255 p. 
653 |a Literatura 
653 |a Teatro 
653 |a Teatro expresionista 
653 |a Teatro-teoria 
859 |a CEMS  |b BIB. CEMS - 11 de abril  |h 808.2  |i M753a2  |p 6159.77  |t Ej.1